Statistiques concernant Périphrases - Série 10

Cliquez ici pour prendre le quiz!

Statistiques générales

  • Ce quiz a été pris 67 fois
  • Le résultat moyen est 5 sur 10

Statistiques - réponses

PériphraseMot% Correct
Le sexe forthomme
98%
Le beau sexefemme
92%
Le neuvième artbande dessinée
56%
Le palais du LuxembourgSénat
48%
Le Palais-BourbonAssemblée Nationale
45%
Le quatrième pouvoirpresse
41%
La grande muettearmée
39%
Le Palais BrogniartBourse
25%
Le huitième arttélévision
25%
La vieille dame du quai ContiAcadémie française
6%

Distribution des résultats

Percentile par nombre de réponses

% des personnes avec chaque résultat

Votre développement - résultats

Vous n’avez pas pris ce quiz